Estatísticas para Quénia

Clique aqui para jogar o quiz

Estatísticas Gerais

  • Esse quiz foi jogado 5 vezes
  • A pontuação média é 7 de 13

Estatísticas das Respostas

HintResposta% Correto
Onde fica?África
100%
Qual é a sua religião?Cristianismo
100%
Qual é o seu idioma?Inglês
100%
Qual é o seu código ISO?KEN
100%
De que país é independente?Reino Unido
100%
Qual é o seu tipo de clima?Tropical
100%
Qual é a sua capital?Nairóbi
80%
Que pai de que presidente dos EUA era queniano?Obama
60%
Qual é o género musical mais ouvido no país?Benga Music
0%
Como se chama a sua dança típica?Isukuti
0%
Qual é o seu ponto mais alto?Monte Quénia
0%
Por que tipo de expedição é o Quénia famoso?Safáris
0%
Qual é a sua moeda?Xelim queniano
0%

Distribuição das Pontuações

Percentil de Números Respondidos

Porcentagem de Pessoas com Cada Pontuação

Sua Pontuação Histórica

Você não jogou esse quiz